Agrár-környezetgazdálkodási program hatásai a magyar gazdaságra a Dél-dunántúli régiót vizsgálva

Bibliográfiai részletek
Szerző: Németh Noémi
További közreműködők: Szilágyi Dr. Zoltán
Dokumentumtípus: Diplomadolgozat
Kulcsszavak:AKG
Európai Uniós Támogatások
Dél-Dunántúl régió
Online Access:http://dolgozattar.uni-bge.hu/9633

MARC

LEADER 00000nta a2200000 i 4500
001 dolg9633
005 20161219182346.0
008 161219suuuu hu om 000 hun d
040 |a BGE Dolgozattár Repozitórium  |b hun 
041 |a hu 
100 1 |a Németh Noémi 
245 1 0 |a Agrár-környezetgazdálkodási program hatásai a magyar gazdaságra a Dél-dunántúli régiót vizsgálva  |c Németh Noémi  |h [elektronikus dokumentum] 
695 |a AKG 
695 |a Európai Uniós Támogatások 
695 |a Dél-Dunántúl régió 
700 1 |a Szilágyi Dr. Zoltán  |e ths 
856 4 0 |u http://dolgozattar.uni-bge.hu/9633/1/SZD%20finito.pdf  |z Dokumentum-elérés